Cošmy za jedni ?
| Format: | Book |
|---|---|
| Language: | English |
| PhysicalDescription: | 30 s. |
| Published: |
[ S. l. ]
Ferdynand Machay
1919
|
MARC
| LEADER | 00000nam a2200000 a 4500 | ||
|---|---|---|---|
| 001 | vtls009155739 | ||
| 003 | SK-MaSNL | ||
| 005 | 20260224075133.0 | ||
| 008 | 071105 000 0 eng | ||
| 040 | |a SNK |b slo |c SNK |e AACR2 | ||
| 245 | 1 | |a Cošmy za jedni ? | |
| 260 | |a [ S. l. ] |b Ferdynand Machay |c 1919 |e Kraków |f Drúk. Mieszczňka Stanislawa Iomaszewskiego | ||
| 300 | |a 30 s. | ||
| 999 | |c 913821 |d 915751 | ||
| 952 | |a SNK |b SNK |y PREZ |7 0 |p 17A0565898 |o snkSE 5457 |i snkK 464/73 |8 3 |3 rekatalogizácia |0 0 |1 0 |4 0 |d 2007-11-05 |l 0 |r 2026-02-24 07:51:33 |w 2026-02-24 | ||


